| 000 | 01104cam a22002651 4500 | ||
|---|---|---|---|
| 001 | gs 52000114 | ||
| 003 | DLC | ||
| 005 | 20260227111358.0 | ||
| 008 | 731024s1951 xx 000 0 eng | ||
| 010 | _ags 52000114 | ||
| 035 | _a(OCoLC)726918 | ||
| 040 |
_aDLC _cOAU _dOCoLC _dDLC |
||
| 042 | _apremarc | ||
| 050 | 0 | 0 |
_aQE81 _b.A17 no. 2 |
| 100 | 1 |
_aToulmin, Lyman Dorgan, _d1904- |
|
| 245 | 0 | 0 |
_aGeology and ground-water resources of Choctaw county, Alabama, _cby L. D. Toulmin, P. E. La Moreaux and C. R. Lanphere. Prepared by the U. S. Geological Survey in cooperation with the Geological Survey of Alabama. |
| 260 |
_aUniversity, _c1951. |
||
| 300 |
_ax, 197 p. _billus., maps (2 fold., 1 col., in pocket) diagrs., 4 tables. _c23 cm. |
||
| 490 | 1 | _aAlabama. Geological Survey. Special report 21 and County report 2 | |
| 504 | _aBibliography: p. 152-157. | ||
| 650 | 0 |
_aGeology _zAlabama _zChoctaw County. |
|
| 650 | 0 |
_aGroundwater _zAlabama _zChoctaw County. |
|
| 810 | 2 |
_aGeological Survey of Alabama. _tSpecial report ; _v21. |
|
| 810 | 2 |
_aGeological Survey of Alabama. _tCounty report ; _v2. |
|
| 999 |
_c28634 _d28634 |
||